[Event "Match"]
[Site "www.echecsemail.com"]
[Date "2018.12.23"]
[Round "1"]
[White "Zack1984"]
[Black "Micheles"]
[WhiteElo "1370"]
[BlackElo "2540"]
[Result "1-0"]
[Round "1"]
1.b4 e5
2.Bc1b2 d6
3.c4 Ng8f6
4.e3 Bf8e7
5.Ng1f3 O-O
6.d4 e4
7.Nf3d2 d5
8.a3 c6
9.Nb1c3 Bc8f5
10.b5 cxb5
11.cxd5 a6
12.Bf1e2 b4
13.axb4 Be7xb4
14.Qd1b3 a5
15.O-O Bb4xc3
16.Bb2xc3 Nf6xd5
17.Rf1c1 Nd5xc3
18.Rc1xc3 b6
19.Ra1b1 Nb8d7
20.Qb3b5 Bf5g6
21.Rc3c6 f5
22.Be2c4 Kh8
23.Rc6d6 Bg6e8
24.Bc4e6 Qd8e7
25.Nd2c4 Ra8a7
26.Be6xf5 Nd7c5
27.Qb5xb6 Ra7b7
28.dxc5 Rb7xb6
29.cxb6 Qe7f7
30.b7 Qf7xf5
31.Rd6d2 Be8b5
32.Nc4d6 Qf5c5
33.Nd6xb5 Rf8b8
34.Rb1d1 { resign }
1-0

[Event "Match"]
[Site "www.echecsemail.com"]
[Date "2018.12.23"]
[Round "1"]
[White "Apdash"]
[Black "Logout"]
[WhiteElo "2310"]
[BlackElo "2020"]
[Result "1-0"]
[Round "1"]
1.d4 d5
2.c4 c6
3.Nb1c3 Ng8f6
4.cxd5 cxd5
5.e3 Nb8c6
6.Ng1f3 e6
7.Bf1b5 Bc8d7
8.O-O Bf8e7
9.Rf1e1 O-O
10.e4 Rf8e8
11.e5 Nf6e4
12.Nc3xe4 dxe4
13.Re1xe4 a6
14.Bb5a4 b5
15.Ba4c2 Qd8b6
16.Bc1e3 Qb6b7
17.Re4g4 g6
18.h4 Qb7c7
19.h5 Kg7
20.Ra1c1 f6
21.exf6 Be7xf6
22.hxg6 hxg6
23.Bc2xg6 Re8f8
24.Bg6e4 Kf7
25.d5 exd5
26.Be4xd5 Ke7
27.Be3c5 Ke8
28.Rg4e4 Bf6e5
29.Bc5xf8 Kxf8
30.Nf3xe5 Ra8e8
31.Qd1f3 Kg7
32.Qf3f7 Kh8
33.Ne5g6 
1-0

[Event "Tourn. n9990"]
[Site "www.echecsemail.com"]
[Date "2018.12.23"]
[Round "1"]
[White "Szustan"]
[Black "Drill64"]
[WhiteElo "2600"]
[BlackElo "2200"]
[Result "1-0"]
[Round "1"]
1.e4 c5
2.c3 d5
3.exd5 Qd8xd5
4.d4 Ng8f6
5.Ng1f3 Nb8c6
6.Bf1e2 e6
7.O-O Bf8e7
8.c4 Qd5d8
9.dxc5 Qd8xd1
10.Rf1xd1 Be7xc5
11.Nb1c3 O-O
12.a3 Nf6g4
13.Nc3e4 Bc5e7
14.b4 Ng4f6
15.Ne4d6 Be7xd6
16.Rd1xd6 Nf6e4
17.Rd6d3 e5
18.Rd3e3 f5
19.Bc1b2 Rf8e8
20.Be2d3 Ne4xf2
21.Kxf2 e4
22.Ra1d1 Bc8e6
23.Nf3g5 Be6d7
24.Bd3xe4 { resign }
1-0

[Event "Tourn. n10003"]
[Site "www.echecsemail.com"]
[Date "2018.12.23"]
[Round "1"]
[White "Francesco"]
[Black "Bojan"]
[WhiteElo "1930"]
[BlackElo "1960"]
[Result "1-0"]
[Round "1"]
1.d4 d5
2.Ng1f3 f6
3.Bc1f4 Nb8c6
4.e3 a6
5.Bf1d3 Bc8e6
6.O-O Be6f7
7.Nb1d2 e6
8.c4 Bf8d6
9.Bf4xd6 Qd8xd6
10.c5 Qd6e7
11.Qd1c2 Ng8h6
12.Bd3xh7 Nc6b4
13.Qc2a4 Nb4c6
14.Bh7d3 a5
15.Bd3b5 Qe7d7
16.h3 Nh6f5
17.Bb5d3 Nc6b4
18.Qa4xd7 Kxd7
19.Bd3xf5 exf5
20.a3 Nb4c6
21.Rf1b1 a4
22.b4 Nc6a7
23.b5 Ra8b8
24.Rb1b4 Rb8a8
25.Rb4xa4 Na7xb5
26.Ra4b4 c6
27.a4 Kc7
28.Ra1b1 Nb5c3
29.Rb4xb7 Kc8
30.Rb1b3 Bf7h5
31.Rb7xg7 Nc3e4
32.Rb3b7 Bh5e8
33.Rb7a7 Ra8b8
34.a5 Ne4g5
35.a6 Rh8f8
36.Rg7b7 Ng5f7
37.Nd2b3 Rb8xb7
38.Ra7xb7 Nf7d8
39.Rb7h7 Nd8f7
40.Nb3a5 Kb8
41.h4 Ka7
42.Na5b7 Kxa6
43.Nb7d6 Nf7xd6
44.cxd6 Kb6
45.h5 Be8f7
46.Nf3h4 Bf7e6
47.Rh7e7 Be6g8
48.Nh4xf5 Rf8f7
49.h6 Rf7h7
50.g4 Bg8f7
51.f4 Bf7g6
52.Re7xh7 Bg6xh7
53.Kf2 Kb7
54.Kf3 Kc8
55.e4 dxe4
56.Kxe4 Kd7
57.d5 c5
58.Kd3 Bh7g6
59.Kc4 Bg6xf5
60.gxf5 Kxd6
61.h7 { resign }
1-0

[Event "Tourn. n9998"]
[Site "www.echecsemail.com"]
[Date "2018.12.23"]
[Round "1"]
[White "Scasan55"]
[Black "Fantomas"]
[WhiteElo "2000"]
[BlackElo "2130"]
[Result "0-1"]
[Round "1"]
1.e4 e5
2.Ng1f3 Ng8f6
3.Nb1c3 d6
4.h3 h6
5.Bf1c4 c6
6.O-O Qd8c7
7.Rf1e1 Nb8d7
8.d4 exd4
9.Qd1xd4 Nd7e5
10.Nf3xe5 dxe5
11.Qd4d1 Bc8d7
12.Bc1e3 Bf8e7
13.a3 O-O
14.Qd1f3 b6
15.Ra1d1 Ra8d8
16.Rd1d2 Bd7c8
17.Rd2xd8 Rf8xd8
18.Re1d1 Rd8xd1
19.Qf3xd1 Bc8b7
20.Qd1f3 Kf8
21.b4 Bb7c8
22.g4 Be7d6
23.g5 hxg5
24.Be3xg5 Nf6h7
25.Bg5h4 g5
26.Qf3h5 gxh4
27.Qh5xh7 Ke8
28.Qh7h8 Bd6f8
29.Qh8xh4 Qc7e7
30.Qh4g3 f6
31.Qg3g6 Kd8
32.Kg2 Qe7g7
33.Qg6xg7 Bf8xg7
34.Bc4e2 Bg7h6
35.Be2g4 Bc8a6
36.Bg4e2 Ba6c8
37.Be2g4 Bc8xg4
38.hxg4 b5
39.f3 Ke7
40.Kg3 Bh6c1
41.Nc3b1 Kf7
42.Kf2 Kg6
43.Ke2 Kg5
44.Kd1 Bc1e3
45.Nb1d2 Kf4
46.Ke2 Be3xd2
47.Kxd2 Kxf3
48.Kd3 Kxg4
49.c4 Kf4
50.cxb5 cxb5
{ resign }
0-1

[Event "Tourn. n9998"]
[Site "www.echecsemail.com"]
[Date "2018.12.23"]
[Round "1"]
[White "Scasan55"]
[Black "Tonino1"]
[WhiteElo "2000"]
[BlackElo "2140"]
[Result "0-1"]
[Round "1"]
1.e4 d6
2.d4 Ng8f6
3.Nb1c3 c6
4.Bf1d3 e5
5.dxe5 dxe5
6.h3 Qd8c7
7.Bc1g5 Nb8d7
8.Ng1f3 g6
9.O-O Bf8g7
10.Qd1d2 h6
11.Bg5xf6 Nd7xf6
12.Ra1d1 O-O
13.Rf1e1 Bc8e6
14.Qd2e3 b6
15.b3 Ra8d8
16.Nc3a4 Nf6e8
17.Na4b2 f5
18.Nb2c4 f4
19.Qe3c1 g5
20.Nf3h2 b5
21.Nc4d2 h5
22.f3 Ne8f6
23.Bd3f1 Qc7b6
24.Kh1 Qb6f2
25.Bf1d3 Kf7
26.Re1e2 Qf2h4
27.Qc1a3 Rd8d7
28.Qa3c5 g4
29.fxg4 hxg4
30.Qc5xe5 gxh3
31.Nd2f3 hxg2
32.Re2xg2 Qh4h6
33.Nf3g5 Kg8
34.Qe5xe6 Kh8
35.Qe6h3 Nf6h5
36.Qh3xd7 Nh5g3
37.Kg1 Qh6xg5
38.Qd7h3 Kg8
39.Nh2f3 Qg5c5
40.Kh2 Rf8f6
41.Qh3c8 Bg7f8
42.Rg2xg3 fxg3
43.Kxg3 Rf6g6
44.Kh3 Qc5f2
45.Rd1g1 Qf2xf3
46.Kh2 Qf3f2
{ resign }
0-1

[Event "1/128 Finale"]
[Site "www.chess-mail.com"]
[Date "2018.12.23"]
[Round "1"]
[White "Traub"]
[Black "Hennie4820"]
[WhiteElo "1640"]
[BlackElo "1960"]
[Result "0-1"]
[Round "1"]
1.e4 c5
2.Ng1f3 e6
3.d4 cxd4
4.Nf3xd4 Ng8f6
5.Nb1c3 Qd8b6
6.Nc3a4 Qb6a5
7.c3 Nf6xe4
8.Bf1d3 { time. }
0-1

[Event "1/64 Finale"]
[Site "www.chess-mail.com"]
[Date "2018.12.23"]
[Round "1"]
[White "Asoka"]
[Black "Cal"]
[WhiteElo "2690"]
[BlackElo "1830"]
[Result "1-0"]
[Round "1"]
1.c4 e5
2.Nb1c3 Ng8f6
3.Ng1f3 d6
4.e3 h6
5.d4 e4
6.Nf3d2 Bc8f5
7.Qd1c2 Bf8e7
8.Nd2xe4 c6
9.Ne4xf6 Be7xf6
10.Qc2xf5 Nb8d7
11.Bf1d3 g6
12.Qf5f4 Qd8e7
13.Nc3e4 O-O-O
14.Ne4xd6 Qe7xd6
15.Qf4xd6 Nd7b6
16.Qd6xf6 Rh8e8
17.Qf6xf7 g5
18.Bc1d2 Re8f8
19.Qf7e6 Kb8
20.Qe6xh6 g4
21.Bd2b4 a6
22.Bb4xf8 Nb6d7
23.Bd3e2 Rd8xf8
24.Be2xg4 Rf8d8
25.Qh6d6 Kc8
26.b4 b5
27.Qd6xc6 { resign }
1-0

[Event "Fast Game"]
[Site "www.echecsemail.com"]
[Date "2018.12.23"]
[Round "1"]
[White "Tonino1"]
[Black "Hennie4820"]
[WhiteElo "1860"]
[BlackElo "1670"]
[Result "0-1"]
[Round "1"]
1.d4 Ng8f6
2.Ng1f3 g6
3.e3 Bf8g7
4.Bf1d3 O-O
5.Nb1d2 d6
6.O-O Nb8d7
7.Qd1e2 e5
8.dxe5 dxe5
9.e4 Rf8e8
10.c3 Nd7c5
11.Bd3c2 Bc8g4
12.h3 Bg4xf3
13.Nd2xf3 h6
14.b4 Nc5a6
15.Bc1e3 c6
16.Rf1d1 Qd8e7
17.Rd1d3 b6
18.Ra1d1 Nf6xe4
 { time }
0-1

[Event "Fast Game"]
[Site "www.echecsemail.com"]
[Date "2018.12.23"]
[Round "1"]
[White "Cemaah"]
[Black "Tonino1"]
[WhiteElo "1769"]
[BlackElo "1860"]
[Result "1-0"]
[Round "1"]
1.e4 d6
2.d4 Ng8f6
3.Nb1c3 c6
4.f4 Qd8c7
5.Ng1f3 g6
6.Bf1d3 Bf8g7
7.O-O O-O
8.h3 Nb8d7
9.Bc1e3 e5
10.Qd1d2 Rf8e8
11.Ra1d1 b5
12.a3 a6
13.Qd2f2 Bc8b7
14.Kh1 Nf6h5
15.Nc3e2 Nh5xf4
16.Ne2xf4 exf4
17.Be3xf4 Ra8d8
18.Nf3g5 f6
19.Ng5f3  { time }
1-0

[Event "Match"]
[Site "www.echecsemail.com"]
[Date "2018.12.24"]
[Round "1"]
[White "Chapi"]
[Black "Ztornad"]
[WhiteElo "2060"]
[BlackElo "1860"]
[Result "1/2-1/2"]
[Round "1"]
1.d4 d5
2.c4 e6
3.Nb1c3 dxc4
4.e4 e5
5.d5 Bf8d6
6.Bf1xc4 a6
7.Qd1a4 Bc8d7
8.Bc4b5 c6
9.dxc6 Bd7xc6
10.Bb5xc6 Nb8xc6
11.Ng1f3 h6
12.O-O Qd8f6
13.Nc3d5 Qf6d8
14.Bc1e3 Ng8e7
15.Rf1d1 Qd8a5
16.Qa4xa5 Nc6xa5
17.Ra1c1 Na5c6
18.Be3b6 Ne7c8
19.Bb6c7 O-O
20.Bc7xd6 Nc8xd6
21.Nd5c7 Ra8d8
22.Rd1d2 Nd6xe4
23.Rd2xd8 Rf8xd8
24.h3 Ne4d2
25.Rc1c3 Nd2xf3
26.Rc3xf3 Rd8d1
27.Kh2 Rd1d2
28.Rf3b3 Nc6a5
29.Rb3a3 Na5c4
30.Ra3c3 Nc4xb2
31.Rc3b3 a5
32.Rb3xb7 Rd2xf2
33.Rb7b5 Nb2c4
34.Rb5c5 Nc4d6
35.Rc5xa5 Nd6c4
36.Ra5a8 Kh7
37.Kg3 Rf2f5
38.Nc7d5 Rf5g5
39.Kf3 Nc4d2
40.Kf2 Nd2e4
41.Kf3 Ne4d6
42.Nd5c3 f5
43.a4 Nd6c4
44.a5 f4
45.a6 Rg5g3
46.Ke4 Rg3xc3
47.a7 Nc4d6
48.Kxe5 Nd6b5
49.Ra8h8 Kxh8
50.a8Q Kh7
51.Kxf4 Rc3c4
52.Kg3 Rc4c3
53.Kh2 Nb5c7
54.Qa8c8 Rc3c5
55.g4 Rc5c2
56.Kg3 Rc2c3
57.Kh4 Rc3c5
58.Qc8d7 Rc5c3
59.Qd7f5 Kg8
60.g5 Nc7e8
61.Qf5e6 Kf8
62.gxh6 gxh6
63.Qe6xh6 Kf7
64.Qh6h7 Ne8g7
65.Kg4 Rc3c4
66.Kg3 Rc4c3
67.Kf4 Kf6
68.Qh7h6 Kf7
69.h4 Rc3c4
70.Ke3 Ng7f5
71.Kd3 Nf5xh6
72.Kxc4 { draw }
1/2-1/2

[Event "Match"]
[Site "www.echecsemail.com"]
[Date "2018.12.24"]
[Round "1"]
[White "Darknight"]
[Black "Coraza"]
[WhiteElo "1840"]
[BlackElo "1750"]
[Result "1-0"]
[Round "1"]
1.e4 e5
2.Bf1c4 Ng8f6
3.d3 h6
4.h3 Bf8b4
5.c3 Bb4c5
6.Ng1f3 Nb8c6
7.a3 b6
8.Bc1e3 Bc5xe3
9.fxe3 a5
10.g4 g5
11.h4 d6
12.hxg5 Nf6xg4
13.Qd1e2 h5
14.Nb1d2 Bc8e6
15.Bc4xe6 fxe6
16.O-O-O d5
17.Kb1 a4
18.Rd1g1 Nc6a5
19.Rg1xg4 Qd8e7
20.Nf3xe5 O-O-O
21.Rg4g2 Qe7g7
22.d4 Kb7
23.g6 Rd8f8
24.Ne5f7 Rh8g8
25.Rh1xh5 Rf8xf7
26.Rh5h7 Qg7f8
27.gxf7 Rg8h8
28.Rh7xh8 Qf8xh8
29.Rg2g8 { resign }
1-0

[Event "Match"]
[Site "www.echecsemail.com"]
[Date "2018.12.24"]
[Round "1"]
[White "Emmanuel69"]
[Black "Ditto"]
[WhiteElo "1930"]
[BlackElo "1830"]
[Result "1-0"]
[Round "1"]
1.c4 e5
2.Nb1c3 Nb8c6
3.a3 d6
4.d3 Bc8f5
5.g3 Ng8f6
6.Bf1g2 Bf8e7
7.Ng1f3 a6
8.O-O Ra8b8
9.e4 Bf5g4
10.h3 Bg4d7
11.Nc3d5 Nf6xd5
12.exd5 Nc6a7
13.Rf1e1 c6
14.dxc6 Bd7xc6
15.Nf3d2 O-O
16.Nd2e4 Bc6d7
17.Bc1e3 Na7c6
18.b4 Bd7e6
19.Qd1d2 Be6f5
20.Ne4c3 Qd8d7
21.Kh2 Be7f6
22.Ra1c1 Bf5e6
23.Nc3d5 Bf6d8
24.Nd5b6 Qd7e7
25.c5 dxc5
26.Be3xc5 Qe7f6
27.Bc5xf8 Kxf8
28.Nb6d5 Be6xd5
29.Bg2xd5 Bd8c7
30.Bd5xc6 bxc6
31.Rc1c5 Rb8d8
32.Re1e2 Rd8e8
33.Qd2c2 Bc7b8
34.Rc5xc6 Qf6f3
35.Re2e3 Qf3f5
36.Kg2 Bb8a7
37.Re3f3 Qf5d7
38.Rc6c7 Qd7d6
39.Rf3xf7 Kg8
40.Rf7xg7 Kh8
41.Rg7xh7 Kg8
42.Qc2c4 Re8e6
43.Qc4g4 Re6g6
44.Qg4c8 { resign }
1-0

[Event "Tourn. n9946"]
[Site "www.echecsemail.com"]
[Date "2018.12.24"]
[Round "1"]
[White "Fabos12"]
[Black "Amaya"]
[WhiteElo "1880"]
[BlackElo "2090"]
[Result "1-0"]
[Round "1"]
1.d4 Ng8f6
2.c4 g6
3.Ng1f3 Bf8g7
4.Nb1c3 O-O
5.e4 d6
6.Bf1d3 Bc8g4
7.h3 Bg4d7
8.Bc1e3 c6
9.Qd1d2 Qd8a5
10.Be3h6 Nf6h5
11.g4 Nh5f6
12.Ke2 Rf8d8
13.Ra1g1 Bg7h8
14.e5 dxe5
15.dxe5 Nf6e8
16.Qd2g5 f6
17.exf6 Qa5xg5
18.f7 Kxf7
19.Nf3xg5 Kg8
20.c5 e6
21.Rg1g3 Bh8g7
22.Bh6xg7 Ne8xg7
23.Nc3e4 Rd8f8
24.Rg3f3 Nb8a6
25.a3 Na6c7
26.Ne4f6 Rf8xf6
27.Rf3xf6 Nc7d5
28.Rf6f3 Ra8f8
29.Rf3xf8 Kxf8
30.Ng5xh7 Ke7
31.Bd3e4 Nd5f4
32.Kf3 e5
33.Rh1d1 Nf4xh3
34.Be4xg6 Ng7e6
35.Rd1xd7 Kxd7
36.Nh7f6 Ke7
37.Nf6e4 Nh3g5
38.Ne4xg5 Ne6xg5
39.Ke3 Ng5e6
40.b4 Ne6d4
41.Kd3 b6
42.f4 bxc5
43.bxc5 Kf6
44.Bg6e8 exf4
45.Kxd4 Kg5
46.Be8xc6 Kxg4
47.Ke5 { resign }
1-0

[Event "Tourn. n10030"]
[Site "www.echecsemail.com"]
[Date "2018.12.24"]
[Round "1"]
[White "Bojan"]
[Black "Mitja"]
[WhiteElo "2030"]
[BlackElo "1980"]
[Result "1/2-1/2"]
[Round "1"]
1.b4 e5
2.a3 d6
3.Bc1b2 f6
4.e3 a6
5.Qd1f3 Nb8c6
6.Nb1c3 Bc8e6
7.Nc3d5 Be6xd5
8.Qf3xd5 Ng8e7
9.Qd5b3 Ne7f5
10.c3 g6
11.Bf1c4 Qd8e7
12.g3 h5
13.e4 Nf5g7
14.Ng1e2 f5
15.exf5 Ng7xf5
16.O-O-O Nf5h6
17.h3 Bf8g7
18.Rh1e1 O-O-O
19.Ne2f4 Qe7f6
20.Nf4e6 Rd8e8
21.Bc4d5 Nh6f5
22.Ne6xg7 Qf6xg7
23.Bd5xc6 bxc6
24.Qb3c4 Kb7
25.Re1e2 Qg7g8
26.Qc4e4 d5
27.Qe4b1 Rh8h7
28.d3 Rh7e7
29.a4 e4
30.d4 Nf5d6
31.Bb2a3 Nd6c4
32.Qb1b3 Nc4xa3
33.Qb3xa3 Qg8f7
34.b5 cxb5
35.axb5 axb5
36.Qa3c5 c6
37.Rd1d2 Re8a8
38.f3 Re7e8
39.f4 Ra8a1
40.Kb2 Re8a8
41.Qc5d6 Kb6
42.Rd2c2 Qf7c7
43.Qd6b4 Qc7c8
44.Kb3 Ra8a3
45.Qb4xa3 Ra1xa3
46.Kxa3 Qc8xh3
47.Re2g2 Qh3h1
48.Kb2 Qh1f1
49.Rc2f2 Qf1c4
50.Rf2c2 c5
51.Rg2d2 e3
52.dxc5 Qc4xc5
53.Rd2d4 Qc5e7
54.Rc2e2 Kc5
55.Rd4d3 b4
56.cxb4 Kxb4
57.Re2xe3 Qe7f6
58.Ka2 d4
59.Rd3b3 Kc4
60.Re3d3 Qf6e6
{ draw }
1/2-1/2

[Event "Match"]
[Site "www.echecsemail.com"]
[Date "2018.12.24"]
[Round "1"]
[White "Libiesse"]
[Black "Apdash"]
[WhiteElo "1930"]
[BlackElo "2210"]
[Result "0-1"]
[Round "1"]
1.d4 d5
2.c4 c6
3.cxd5 cxd5
4.Ng1f3 Nb8c6
5.Nb1c3 Ng8f6
6.Bc1f4 Bc8f5
7.e3 a6
8.Bf1e2 e6
9.Ra1c1 Bf8b4
10.O-O O-O
11.a3 Bb4d6
12.Bf4xd6 Qd8xd6
13.b4 Ra8d8
14.Qd1b3 Nf6e4
15.Nf3h4 Ne4d2
16.Qb3d1 Nd2xf1
17.Be2xf1 b5
18.Nh4xf5 exf5
19.Bf1d3 g6
20.Bd3e2 Rf8e8
21.Be2f3 Nc6e7
22.Qd1b3 Kg7
23.h3 f4
24.Nc3e2 fxe3
25.Qb3xe3 Ne7f5
26.Qe3d2 Rd8c8
27.Rc1c5 Nf5e7
28.h4 h6
29.Ne2c3 Rc8xc5
30.dxc5 Qd6e5
31.g3 d4
32.Nc3d1 Ne7f5
33.Kf1 f6
34.Bf3b7 Qe5c7
 { time }
0-1

[Event "Match"]
[Site "www.echecsemail.com"]
[Date "2018.12.24"]
[Round "1"]
[White "Gambitmiau"]
[Black "Tonino1"]
[WhiteElo "1900"]
[BlackElo "2240"]
[Result "0-1"]
[Round "1"]
1.e4 d6
2.d4 Ng8f6
3.Nb1c3 c6
4.Bc1g5 g6
5.Bg5xf6 exf6
6.Bf1c4 Bf8g7
7.h3 O-O
8.Ng1f3 Qd8c7
9.b4 b5
10.Bc4b3 Nb8d7
11.O-O Nd7b6
12.a4 bxa4
13.Nc3xa4 Nb6xa4
14.Bb3xa4 Bc8a6
15.Rf1e1 Ba6c4
16.d5 cxd5
17.exd5 f5
18.b5 Bg7xa1
19.Qd1xa1 Qc7a5
20.c3 Bc4xd5
21.Nf3d2 Bd5e6
22.c4 Qa5xd2
23.Re1d1 Qd2b4
24.c5 dxc5
25.Rd1b1 Qb4a5
26.Qa1a3 Qa5b6
27.Qa3e3 c4
28.Qe3c3 Rf8d8
29.Ba4d1 Rd8d3
30.Qc3c2 Ra8d8
31.Bd1e2 Rd3d2
32.Qc2c1 Rd2xe2
33.Qc1f4 Rd8d2
34.Rb1f1 Re2xf2
35.Rf1xf2 Qb6xf2
36.Qf4xf2 Rd2xf2
37.Kxf2 Be6d7
{ resign }
0-1

[Event "Tourn. n10034"]
[Site "www.echecsemail.com"]
[Date "2018.12.24"]
[Round "1"]
[White "Bojan"]
[Black "Fantomas"]
[WhiteElo "2030"]
[BlackElo "2180"]
[Result "0-1"]
[Round "1"]
1.e4 d5
2.e5 d4
3.Bf1c4 e6
4.Qd1g4 c5
5.c3 Ng8h6
6.Qg4f4 dxc3
7.dxc3 Nh6f5
8.Ng1f3 h6
9.g4 Nf5h4
10.Rh1g1 g5
11.Qf4e4 Nh4g6
12.Bc1e3 Nb8c6
13.Bc4b5 Bc8d7
14.Nb1d2 a6
15.Bb5a4 b5
16.Ba4c2 Qd8b8
17.b3 Ng6xe5
18.Rg1g2 Ne5g6
19.a4 b4
20.c4 Nc6e5
21.Bc2d1 Bd7c6
22.Qe4c2 Qb8b7
23.Rg2g3 Bf8d6
24.Nf3xe5 Bd6xe5
25.Ra1a2 Be5xg3
26.hxg3 Qb7e7
27.Nd2f3 Ra8d8
28.Qc2e2 O-O
29.Be3c1 Rd8d7
30.Ra2d2 Rf8d8
31.Rd2xd7 Qe7xd7
32.Bd1c2 Ng6f8
33.Nf3e5 Qd7d6
34.Bc1b2 Nf8d7
35.Ne5d3 f6
36.f4 Kf7
37.Qe2e3 Bc6b7
38.Qe3f2 Qd6c6
39.Kd2 Qc6g2
40.Ke2 Rd8g8
41.Bb2c1 Bb7f3
42.Ke3 gxf4
43.Nd3xf4 Qg2xf2
44.Kxf2 Bf3xg4
45.Bc2e4 Bg4d1
46.Be4b7 a5
47.Bb7c6 Nd7e5
48.Bc6d7 Ne5xd7
{ resign }
0-1

[Event "Tourn. n10011"]
[Site "www.echecsemail.com"]
[Date "2018.12.24"]
[Round "1"]
[White "Apdash"]
[Black "Bojan"]
[WhiteElo "2290"]
[BlackElo "1980"]
[Result "1/2-1/2"]
[Round "1"]
1.e4 e5
2.Ng1f3 d6
3.d4 exd4
4.Nf3xd4 c5
5.Nd4b3 a6
6.a4 Bc8e6
7.Nb1c3 Ng8e7
8.Nc3d5 Nb8c6
9.Bc1g5 Nc6e5
10.f4 Ne5c6
11.c4 Nc6a5
12.Bg5xe7 Bf8xe7
13.Nd5xe7 Na5xb3
14.Qd1xb3 Qd8xe7
15.Bf1e2 O-O
16.O-O f5
17.exf5 Be6xf5
18.Be2f3 Ra8b8
19.Ra1e1 Qe7d7
20.Bf3d5 Kh8
21.Qb3g3 Rf8f6
22.Rf1f3 Bf5g6
23.Rf3e3 Qd7xa4
24.Re3e7 b5
25.b3 Qa4a5
26.f5 Rf6xf5
27.Qg3xd6 Rb8c8
28.Qd6d7 Rf5f8
29.Re7e3 bxc4
30.Bd5xc4 Rf8d8
31.Qd7g4 Qa5b6
32.Re3e6 Qb6b4
33.Re1e3 Qb4d2
34.Re6e7 Rd8f8
35.Bc4xa6 Rc8a8
36.Qg4c4 Rf8f2
37.Re3e2 Rf2xe2
38.Qc4xe2 Qd2c1
39.Qe2f1 Qc1g5
40.Re7e1 Qg5d8
41.Ba6c4 Ra8b8
42.Re1d1 Qd8e7
43.h3 Rb8f8
44.Qf1e1 Qe7g5
45.Rd1d5 Rf8f5
46.Rd5xf5 Qg5xf5
47.Qe1e7 h5
48.Qe7d8 Kh7
49.Qd8g8 Kh6
50.Qg8h8 Bg6h7
51.Qh8d8 Qf5e5
52.Qd8d2 g5
53.Kf2 { draw }
1/2-1/2

[Event "Tourn. n10021"]
[Site "www.echecsemail.com"]
[Date "2018.12.24"]
[Round "1"]
[White "Apdash"]
[Black "Bojan"]
[WhiteElo "2250"]
[BlackElo "2000"]
[Result "1-0"]
[Round "1"]
1.e4 e5
2.Ng1f3 d6
3.Bf1c4 h6
4.d4 exd4
5.Nf3xd4 Bc8d7
6.O-O Nb8c6
7.f4 Nc6xd4
8.Qd1xd4 f6
9.Qd4d5 Qd8e7
10.Qd5xb7 Qe7d8
11.e5 dxe5
12.Qb7d5 Qd8e7
13.Qd5xa8 Qe7d8
14.Qa8d5 Qd8e7
15.b4 c6
16.Qd5e4 Qe7xb4
17.a3 Qb4b6
18.Kh1 Bf8d6
19.Nb1c3 f5
20.Qe4d3 Qb6c7
21.Rf1d1 Bd6e7
22.fxe5 Bd7c8
23.e6 Ng8f6
24.Qd3xf5 O-O
25.Bc4d3 Qc7d6
26.Rd1e1 Be7d8
27.Bc1f4 Qd6d4
28.Bf4e5 Qd4g4
29.Be5d6 Rf8e8
30.h3 Qg4h4
31.Nc3e4 Bd8e7
32.Ne4xf6 { resign }
1-0

[Event "Match"]
[Site "www.echecsemail.com"]
[Date "2018.12.24"]
[Round "1"]
[White "Apdash"]
[Black "Luzhin"]
[WhiteElo "2240"]
[BlackElo "2530"]
[Result "0-1"]
[Round "1"]
1.e4 e5
2.Ng1f3 Ng8f6
3.Nf3xe5 d6
4.Ne5f3 Nf6xe4
5.Bf1c4 d5
6.Bc4b3 Bf8e7
7.O-O Bc8g4
8.d3 Ne4c5
9.Rf1e1 O-O
10.Bc1f4 Nb8c6
11.Nb1d2 a5
12.a4 g5
13.Bf4g3 f5
14.h3 Bg4h5
15.Qd1b1 Nc5xb3
16.cxb3 Be7b4
17.Re1e6 g4
18.hxg4 fxg4
19.Nf3e5 Nc6d4
20.Re6h6 Qd8g5
21.Rh6xh5 Qg5xh5
22.Nd2f1 Nd4e2
{ resign }
0-1

[Event "Tourn. n9786"]
[Site "www.chess-mail.com"]
[Date "2018.12.25"]
[Round "1"]
[White "Gvladutz"]
[Black "Pwain"]
[WhiteElo "2550"]
[BlackElo "2570"]
[Result "1/2-1/2"]
[Round "1"]
1.Ng1f3 Ng8f6
2.c4 c5
3.Nb1c3 b6
4.e3 e6
5.d4 cxd4
6.exd4 Bc8b7
7.Bf1d3 Bf8e7
8.O-O d5
9.cxd5 Nf6xd5
10.Bd3b5 Bb7c6
11.Bb5c4 O-O
12.Nf3e5 Bc6b7
13.Qd1f3 Nb8d7
14.Bc4xd5 Nd7xe5
15.dxe5 exd5
16.Bc1f4 Qd8d7
17.Ra1d1 d4
18.Qf3g3 Rf8e8
19.Rf1e1 Ra8d8
20.e6 Qd7c6
21.exf7 Kxf7
22.Nc3e4 Be7b4
23.Bf4e5 Re8xe5
24.Qg3xe5 Bb4xe1
25.Rd1xe1 d3
26.f3 Qc6d7
27.Ne4d2 Rd8c8
28.b3 Bb7a6
29.Re1e4 h6
30.Re4a4 Rc8c1
31.Kf2 Ba6c8
32.Ra4d4 Qd7e6
33.Qe5f4 Qe6f6
34.Qf4xf6 Kxf6
35.Rd4xd3 Rc1c2
36.a4 Bc8e6
37.Ke3 Be6f5
38.Rd3d8 Rc2c3
39.Ke2 Rc3c7
40.Rd8f8 Ke6
41.g4 Bf5c2
42.Rf8e8 Kd5
43.f4 Kd4
44.f5 h5
45.h3 hxg4
46.hxg4 Kc3
47.Re8e3 Kb4
48.Re3f3 Rc7e7
49.Kf2 Bc2d1
50.Rf3f4 Kc3
51.Nd2e4 Kxb3
52.g5 Re7d7
53.f6 Bd1h5
54.Ke3 Ka3
55.Ne4d2 gxf6
56.Nd2c4 Kb3
57.gxf6 Rd7d5
58.Kf2 b5
59.axb5 Rd5xb5
60.Nc4d2 Kc2
61.Ke3 Bh5f7
62.Rf4f2 a5
63.Nd2e4 Kb3
64.Ne4d6 Rb5e5
65.Kf4 Re5e6
66.Nd6e4 Re6e8
67.Rf2f3 Kb2
68.Ne4c5 Re8c8
69.Rf3f2 Ka3
70.Nc5b7 a4
71.Nb7d6 Rc8c6
72.Ke5 Rc6c5
73.Ke4 Bf7e6
74.f7 Be6xf7
75.Rf2xf7 Kb3
76.Kd4 Rc5h5
77.Rf7b7 Ka2
78.Nd6e4 Rh5h4
79.Kd3 Rh4h3
80.Kc2 Rh3h2
81.Ne4d2 Rh2h8
82.Rb7b2 Ka1
83.Rb2b1 { draw }
1/2-1/2

[Event "Tourn. n10022"]
[Site "www.echecsemail.com"]
[Date "2018.12.25"]
[Round "1"]
[White "Aiko1603"]
[Black "Apdash"]
[WhiteElo "2100"]
[BlackElo "2230"]
[Result "1-0"]
[Round "1"]
1.c4 e5
2.Nb1c3 Ng8f6
3.g3 Bf8c5
4.Bf1g2 O-O
5.Ng1f3 Rf8e8
6.d3 c6
7.O-O d5
8.cxd5 cxd5
9.Bc1g5 Qd8d6
10.Bg5xf6 gxf6
11.e3 Bc8g4
12.Qd1b3 Nb8c6
13.Nc3xd5 Ra8d8
14.e4 b6
15.h3 Bg4xf3
16.Bg2xf3 Nc6d4
17.Qb3d1 f5
18.Bf3g2 Re8e6
19.exf5 Nd4xf5
20.Qd1g4 Nf5g7
21.Bg2e4 Rd8f8
22.Nd5e3 Kh8
23.a3 Re6h6
24.h4 Rf8g8
25.Qg4f3 Rh6f6
26.Qf3e2 Qd6d7
27.Kh2 Rf6d6
28.Ra1d1 f5
29.Be4g2 f4
30.Ne3c4 fxg3
31.fxg3 Ng7f5
32.Qe2xe5 Rg8g7
33.Nc4xd6 Nf5xd6
34.Rf1f8 { resign }
1-0

[Event "Tourn. n9967"]
[Site "www.echecsemail.com"]
[Date "2018.12.25"]
[Round "1"]
[White "Libiesse"]
[Black "Bira47"]
[WhiteElo "1910"]
[BlackElo "2060"]
[Result "0-1"]
[Round "1"]
1.d4 g6
2.c4 Bf8g7
3.Ng1f3 c6
4.g3 h6
5.Bf1g2 Ng8f6
6.O-O O-O
7.Nb1c3 d6
8.e4 Bc8g4
9.Bc1e3 Nb8d7
10.Qd1d2 g5
11.h3 Bg4h5
12.Ra1c1 Bh5g6
13.Nf3e1 e5
14.d5 Nd7b6
15.b3 Ra8c8
16.Ne1d3 c5
17.Qd2e2 Bg6h5
18.g4 Bh5g6
19.h4 gxh4
20.f4 exf4
21.Nd3xf4 Bg6h7
22.Bg2f3 Nb6d7
23.Nf4h5 Nf6xh5
24.gxh5 Nd7e5
25.Qe2g2 Ne5xf3
26.Rf1xf3 f5
27.Be3xh6 Rc8c7
28.Rc1f1 Rc7f7
29.exf5 Qd8f6
 { time }
0-1

[Event "Tourn. n9975"]
[Site "www.echecsemail.com"]
[Date "2018.12.25"]
[Round "1"]
[White "Luban"]
[Black "Fabos12"]
[WhiteElo "2050"]
[BlackElo "2010"]
[Result "1-0"]
[Round "1"]
1.d4 e6
2.c4 Nb8c6
3.e3 Ng8f6
4.a3 d5
5.Ng1f3 Bf8e7
6.Bf1d3 O-O
7.O-O a6
8.Nb1c3 Ra8b8
9.Rf1e1 dxc4
10.Bd3xc4 Nf6d5
11.e4 Nd5xc3
12.bxc3 b5
13.Bc4a2 Nc6a5
14.Bc1f4 Be7d6
15.e5 Bd6xa3
16.Qd1c2 Bc8b7
17.Bf4g5 Qd8d7
18.Ba2xe6 fxe6
19.Ra1xa3 Na5c4
20.Ra3a1 Bb7xf3
21.gxf3 Rf8xf3
22.Bg5h4 Rb8f8
23.Bh4g3 a5
24.Ra1d1 Qd7d5
25.Rd1d3 Rf3xd3
26.Qc2xd3 Rf8f3
27.Qd3c2 Nc4b6
28.Re1e4 Nb6a4
29.Re4h4 g6
30.Qc2c1 Na4xc3
31.Qc1h6 Nc3e2
32.Kf1 Ne2xg3
33.hxg3 Rf3f7
34.Rh4f4 Qd5c4
35.Kg2 Rf7xf4
36.Qh6xf4 b4
37.Qf4f6 Qc4d5
38.Kg1 b3
39.Qf6e7 h5
40.Qe7e8 Kg7
41.Qe8e7 Kh6
42.Qe7f8 Kg5
43.Qf8f4 
1-0

[Event "Match"]
[Site "www.echecsemail.com"]
[Date "2018.12.25"]
[Round "1"]
[White "Ericleo1980"]
[Black "Guidom"]
[WhiteElo "1920"]
[BlackElo "2090"]
[Result "1/2-1/2"]
[Round "1"]
1.e4 b6
2.d4 Bc8b7
3.Nb1d2 e6
4.Ng1f3 Ng8f6
5.e5 Nf6d5
6.c4 Nd5e7
7.Bf1d3 Ne7g6
8.Bd3e4 Bb7xe4
9.Nd2xe4 { draw }
1/2-1/2

[Event "Tourn. n10022"]
[Site "www.echecsemail.com"]
[Date "2018.12.25"]
[Round "1"]
[White "Aiko1603"]
[Black "Bojan"]
[WhiteElo "2100"]
[BlackElo "2000"]
[Result "1-0"]
[Round "1"]
1.c4 d6
2.Nb1c3 Bc8d7
3.g3 Bd7c6
4.Ng1f3 Ng8f6
5.Bf1g2 e6
6.O-O Bf8e7
7.d3 Nb8d7
8.d4 Nf6e4
9.d5 exd5
10.cxd5 Ne4xc3
11.bxc3 Bc6b5
12.Qd1c2 Nd7b6
13.Nf3d4 Bb5a4
14.Qc2e4 Qd8d7
15.Nd4f5 Ba4b5
16.Nf5xg7 Kd8
17.Ng7f5 Be7f6
18.Nf5d4 Bb5a6
19.Bc1e3 Nb6c4
20.Qe4c2 h5
21.h4 Rh8g8
22.Kh2 Qd7g4
23.Bg2h3 Qg4g7
24.Qc2f5 Nc4e5
25.Qf5xh5 Rg8h8
26.Qh5f5 Ba6c4
27.Be3f4 Ke8
28.Bf4xe5 dxe5
29.Qf5d7 Kf8
30.Nd4f5 Qg7g6
31.Rf1e1 e4
32.Qd7xc7 Bc4xd5
33.Qc7d6 Kg8
34.Qd6xd5 Ra8e8
35.Ra1c1 Re8e5
36.Qd5xe5 Bf6xe5
37.Nf5e7 Kg7
38.Ne7xg6 Kxg6
39.Kg2 Rh8d8
40.f4 Be5c7
41.Re1d1 Rd8e8
42.Rd1d5 e3
43.h5 Kg7
44.Rd5g5 Kh6
45.Rc1d1 Bc7d8
46.Rd1d6 f6
47.Rg5d5 Bd8c7
48.Rd6xf6 Kg7
49.Rf6g6 Kh8
50.Rd5d7 Bc7a5
51.c4 b6
52.h6 a6
53.Bh3e6 b5
54.h7 { resign }
1-0